How to Prepare JEE Mains & Advanced/ (Record no. 214861)
[ view plain ]
| 000 -LEADER | |
|---|---|
| fixed length control field | 00648 a2200205 4500 |
| 005 - DATE AND TIME OF LATEST TRANSACTION | |
| control field | 20260212150116.0 |
| 010 ## - LCCN (DPL NO) | |
| LC control number | ENG-147844 |
| 020 ## - INTERNATIONAL STANDARD BOOK NUMBER | |
| International Standard Book Number | 9789395912624 |
| Terms of availability | 595.00 |
| 035 ## - SYSTEM CONTROL NUMBER | |
| System control number | EN-131376 |
| 037 ## - SOURCE OF ACQUISITION | |
| Source of stock number/acquisition | DBAD |
| 082 ## - DEWEY DECIMAL CLASSIFICATION NUMBER | |
| Classification number | 000 |
| Edition number | 1 |
| 100 ## - MAIN ENTRY--PERSONAL NAME | |
| Personal name | Dude, Anurag |
| 245 ## - TITLE STATEMENT | |
| Title | How to Prepare JEE Mains & Advanced/ |
| Statement of responsibility, etc | Anurag Dude |
| 250 ## - EDITION STATEMENT | |
| Edition statement | 1 |
| 260 ## - PUBLICATION, DISTRIBUTION, ETC. (IMPRINT) | |
| Place of publication, distribution, etc | New Delhi |
| Name of publisher, distributor, etc | Goel Publications |
| Date of publication, distribution, etc | 2025 |
| 270 ## - ADDRESS | |
| Address | Ground Floor, 4855/24, Ansari Road, Darya ganj |
| City | New Delhi |
| Postal code | 110 002 |
| Telephone number | 9999819813 |
| 300 ## - PHYSICAL DESCRIPTION | |
| Extent | 191p. |
| Dimensions | 21cm( pb.) |
| 500 ## - GENERAL NOTE | |
| General note | A Step By Step Guide for Class 11 & 12 Students |
| 942 ## - ADDED ENTRY ELEMENTS (KOHA) | |
| Institution code [OBSOLETE] | dpl |
| Item type | English Books |
| Source of classification or shelving scheme | Dewey Decimal Classification |
| Classification part | 000 |
| Call number suffix | DUB |
| Withdrawn status | Lost status | Not for loan | Collection code | Home library | Current library | Date acquired | Source of acquisition | Cost, normal purchase price | Full call number | Barcode | Copy number | Cost, replacement price | Koha item type |
|---|---|---|---|---|---|---|---|---|---|---|---|---|---|
| Non-fiction | RC3 Aruna Nagar | RC3 Aruna Nagar | 12/02/2026 | Delivery of Books Act Division | 595.00 | 000 DUB | EN-131376 | 1 | 595.00 | English Books |
